[Event "Warsaw Najdorf Memorial op-B"]
[Site "Warsaw"]
[Date "2022.07.17"]
[Round "9"]
[White "Machnik, Stanislaw"]
[Black "Piddubna, Bozhena"]
[Result "0-1"]
[WhiteElo "1381"]
[BlackElo "1534"]
[PlyCount "48"]
[EventDate "2022.07.09"]
[EventType "swiss"]
[EventRounds "9"]
[EventCountry "POL"]
[SourceTitle "CBM 209 Extra"]
[Source "ChessBase"]
[SourceDate "2022.09.30"]
[SourceVersion "1"]
[SourceVersionDate "2022.09.30"]
[SourceQuality "1"]

1. e4 e5 2. Nf3 Nc6 3. Bc4 Nf6 4. d3 h6 5. c3 d6 6. a4 g6 7. h3 Bg7 8. Be3 0-0 9. 0-0 Be6 10. Bxe6 fxe6 11. Nh2 d5 12. exd5 exd5 13. f4 exf4 14. Rxf4 Qe7 15. Qd2 Rae8 16. Bf2 h5 17. Bh4 Bh6 18. Rxf6 Be3+ 19. Kh1 Qxf6 20. Bxf6 Bxd2 21. Nxd2 Rxf6 22. Nhf3 Ne5 23. d4 Nf7 24. Nb3 Rb6 0-1